000 00517ngm a2200193 i 4500
001 C2-0306976
003 PPAK
005 20180727220508.0
008 101227s2003 xxu|||| ||||| | vleng d
040 _aPPAK
_beng
_cPPAK
_erda
245 0 0 _aYankee Doodle Dandy
264 1 _aUnited States :
_bWanner Bros. Pictures Inc ,
_c2003
336 _2rdacontent
_atext
337 _2rdamedia
_aunmediated
338 _2rdacarrier
_avolume
700 _eauthor
700 1 _aCurtiz, Michael,
_ecompile
942 _2ddc
_cDVD
999 _c166280
_d166280